Las calles de México / (Record no. 176084)

MARC details
000 -CABECERA
campo de control de longitud fija 00633nam a2200205 a 4500
005 - FECHA Y HORA DE LA ÚLTIMA TRANSACCIÓN
campo de control 20230607063615.0
008 - ELEMENTOS DE LONGITUD FIJA--INFORMACIÓN GENERAL
campo de control de longitud fija 150602s2014 mx r 000 0 spa d
020 ## - NÚMERO INTERNACIONAL NORMALIZADO PARA LIBROS
Número Internacional Estándar del Libro 9786070918278
035 ## - NÚMERO DE CONTROL DEL SISTEMA
Número de control de sistema UPN01000203983
049 ## - COLECCIÓN
Colección CG
050 #4 - SIGNATURA TOPOGRÁFICA DE LA BIBLIOTECA DEL CONGRESO
Número de clasificación F1386.7 A2
Número de documento/Ítem G6.2
100 1# - ASIENTO PRINCIPAL--NOMBRE PERSONAL
Nombre de persona González Obregón, Luis,
Fechas asociadas al nombre 1865-1938
9 (RLIN) 31031
245 14 - MENCIÓN DE TÍTULO
Título Las calles de México /
Mención de responsabilidad, etc. Luis González Obregón.
260 ## - PUBLICACIÓN, DISTRIBUCIÓN, ETC.
Lugar de publicación, distribución, etc. México :
Nombre del editor, distribuidor, etc. SEP :
-- Porrúa,
Fecha de publicación, distribución, etc. 2014.
300 ## - DESCRIPCIÓN FÍSICA
Extensión xiv, 465 p.
440 #0 - MENCIÓN DE SERIE/ASIENTO SECUNDARIO--TÍTULO
Título Biblioteca mexicana del conocimiento.
Nombre de parte o sección de la obra Letras y voces
651 #4 - ASIENTO SECUNDARIO DE MATERIA - NOMBRE GEOGRAFICO
Nombre geográfico Ciudad de México
Subdivisión general Calles
-- Leyendas
9 (RLIN) 15888
905 ## - TIPO DE MATERIAL
Tipo de material Libro
Holdings
Estado de retiro Estado de pérdida Fuente del sistema de clasificación o colocación Estado dañado No para préstamo Código de colección Localización permanente Ubicación/localización actual Ubicación en estantería Total de préstamos Clasificación Código de barras Fecha visto por última vez Número de copia Tipo de ítem Koha
    Library of Congress Classification     Colección General Bib. Gregorio Torres Quintero Bib. Gregorio Torres Quintero Planta baja   F1386.7 A2 G6.2 304615 31/12/2020 1 Libro